|
|
|
|
| LEADER |
00000nas a2200000 a 4500 |
| 001 |
ssj0000546043 |
| 003 |
WaSeSS |
| 005 |
20200512172242.0 |
| 006 |
m d |
| 007 |
cr n |
| 008 |
000306c19989999bl fx p s s0 0por |
| 010 |
|
|
|a 00203334
|
| 016 |
7 |
|
|a 011107907
|2 Uk
|
| 022 |
|
|
|a 1519-0900
|l 1516-7275
|y 1516-7275
|
| 035 |
|
|
|a (WaSeSS)ssj0000546043
|
| 040 |
|
|
|a DLC
|b eng
|c DLC
|d DLC
|d OCLCQ
|d AGL
|d UKMGB
|d OCLCQ
|d OCLCF
|d CUS
|d OCLCO
|d OCLCA
|d RDF
|d WaSeSS
|
| 041 |
0 |
|
|a por
|b eng
|
| 042 |
|
|
|a pcc
|
| 050 |
0 |
0 |
|a TP368
|b .B73
|
| 070 |
0 |
|
|a TP368
|b .B73
|
| 245 |
0 |
0 |
|a Brazilian journal of food technology
|h [electronic resource] =
|b Revista brasileira de tecnologia de alimentos.
|
| 246 |
3 |
1 |
|a Revista brasileira de tecnologia de alimentos
|
| 246 |
1 |
|
|i Title on v. 6, special issue (2003):
|a 49th International Congress of Meat Science and Technology (ICoMST) :
|b 31st August to 5th September 2003
|
| 260 |
|
|
|a Campinas :
|b Instituto de Tecnologia de Alimentos,
|c 1998-
|
| 310 |
|
|
|a Two no. a year
|
| 362 |
0 |
|
|a Vol. 1, no. 1, 2 (jan./dez. 1998)-
|
| 500 |
|
|
|a Title from cover.
|
| 506 |
|
|
|a License restrictions may limit access.
|
| 515 |
|
|
|a Some issues combined.
|
| 546 |
|
|
|a In Portuguese; summaries in English.
|
| 588 |
|
|
|a Latest issue consulted: Vol. 6, special issue (2003).
|
| 650 |
|
0 |
|a Food industry and trade
|v Periodicals.
|
| 650 |
|
7 |
|a Food industry and trade.
|2 fast
|0 (OCoLC)fst00930843
|
| 655 |
|
0 |
|a Electronic journals.
|
| 710 |
2 |
|
|a Instituto de Tecnologia de Alimentos (São Paulo, Brazil)
|
| 776 |
1 |
|
|t Brazilian journal of food technology (CD-ROM)
|x 1519-0900
|w (DLC) 2008322138
|w (OCoLC)231696743
|
| 850 |
|
|
|a DLC
|a DNAL
|
| 856 |
4 |
0 |
|z Full text available from Research Library: 01/01/2013 to present
|u https://search.proquest.com/publication/2030117
|